LIBRARY ONLINE CATALOGUE

Operative surgery / (Record no. 9917)

MARC details
000 -LEADER
fixed length control field 00645nam a22002172 4500
001 - CONTROL NUMBER
control field 0000023668
005 - DATE AND TIME OF LATEST TRANSACTION
control field 20151217152246.0
008 - FIXED-LENGTH DATA ELEMENTS--GENERAL INFORMATION
fixed length control field 130315s xx 000 0 eng d
020 ## - INTERNATIONAL STANDARD BOOK NUMBER
International Standard Book Number 019851056x :
040 ## - CATALOGING SOURCE
Original cataloging agency KABU
Transcribing agency KABU
245 10 - TITLE STATEMENT
Title Operative surgery /
Statement of responsibility, etc. edited by Greg R. McLatchie, David J. Leaper.
250 ## - EDITION STATEMENT
Edition statement 2nd ed.
260 ## - PUBLICATION, DISTRIBUTION, ETC. (IMPRINT)
Place of publication, distribution, etc. Oxford :
Name of publisher, distributor, etc. O. U. P.,
Date of publication, distribution, etc. 2006.
300 ## - PHYSICAL DESCRIPTION
Extent xvi, 866 p.
650 #0 - SUBJECT ADDED ENTRY--TOPICAL TERM
Topical term or geographic name as entry element Surgery, Operative.
-- 0000183274
700 1# - ADDED ENTRY--PERSONAL NAME
Personal name McLatchie, Greg R.
-- 0000183275
700 1# - ADDED ENTRY--PERSONAL NAME
Personal name Leaper, David J.
-- 0000183276
852 1# - LOCATION
-- p4095 KES
908 ## - PUT COMMAND PARAMETER (RLIN)
Put command parameter 130315
950 ## - LOCAL HOLDINGS (RLIN)
-- 1
Holdings
Withdrawn status Lost status Source of classification or shelving scheme Not for loan Home library Current library Date acquired Total Checkouts Total Renewals Full call number Barcode Date last seen Date last checked out Price effective from Koha item type
    Library of Congress Classification   Kabarak, Main Campus Kabarak, Main Campus 17/12/2015 13 1 RD32 .O64 2006 c. 1 014575 15/01/2026 14/01/2026 17/12/2015 General Collection